=LDR 00000nam 2200000 4500 =001 INLIS000000000024800 =005 20130612123348 =008 ***********************************Ind** =035 ##$$0010-061300000024800 =041 ##$$a Ind =082 ##$$a 380 =090 ##$$a 380, Gur a =100 ##$$a Gurian, Michael =245 ##$$a Apa sih yang abang fikirkan, Michael Gurian =260 ##$$a 2000 $b Jakarta =300 ##$$a 368 hlm, ilus, 21 cm =650 ##$$a Fiksi Dewasa =850 ##$$a NBPNMAT